000 00389nam a22001577a 4500
020 _a9780007533015
082 _a823
_bTIL/S
100 _aTilly Bagshawe
245 _aSidney Sheeldon's the tides of memory/
_cby Tilly Bagshawe
260 _aIndia:
_bHarper,
_c2013.
300 _a487p.
650 _aNovel English
650 _aLiterature English
650 _aLiterature
942 _cBK
999 _c54691
_d54691